ბათუმის შოთა რუსთაველის სახელმწიფო უნივერსიტეტის ბიბლიოთეკა

ჩანაწერი Personal Name

ჩანაწერთა რაოდენობა, რომელიც გამოყენებულია: 1

001 - CONTROL NUMBER

  • control field: 22926

003 - CONTROL NUMBER IDENTIFIER

  • control field: GE_BSU

005 - DATE AND TIME OF LATEST TRANSACTION

  • control field: 20240724110508.0

008 - FIXED-LENGTH DATA ELEMENTS

  • fixed length control field: 240724|| aca||aabn | a|a d

040 ## - CATALOGING SOURCE

  • Original cataloging agency: GE_BSU
  • Transcribing agency: GE_BSU

100 ## - HEADING--PERSONAL NAME

  • Personal name: Watson, James,
  • Dates associated with a name: 1936-
  • Title of a work: Dictionary of communication and media studies.

670 ## - SOURCE DATA FOUND

  • Source citation: Work cat.: (GE_BSU)0: Watson, James, 1936- author. 22919, Dictionary of media and communication studies /